| 000 | 00000nam##2200000za#4500 |
| 001 | 9.640751 |
| 003 | CaOODSP |
| 005 | 20210624222826 |
| 007 | cr ||||||||||| |
| 008 | 150407|2010||||xxc|||||o f|0| 0 fre|d |
| 040 | |aCaOODSP|bfre |
| 043 | |an-cn--- |
| 086 | 1 |aEn14-71/2010F-PDF |
| 110 | 1 |aCanada. |bEnvironnement Canada. |
| 245 | 10|aGuide technique pour l'Étude de suivi des effets sur l'environnement (ESEE) des pâtes et papiers (2010) |h[ressource électronique] |
| 246 | 17|aGuide technique d’ESEE – fabriques de pâtes et papiers |
| 260 | |aOttawa - Ontario : |bEnvironnement Canada |c2010. |
| 300 | |a556p.|bfigures (certaines en couleur), références, tableaux |
| 590 | |a12-37-Supp|b2012-09-24 |
| 691 | 07|aImpact sur l'environnement|2gcpds |
| 691 | 07|aIndustrie des pâtes et papiers|2gcpds |
| 775 | 08|t2010 Pulp and Paper Environmental Effects Monitoring (EEM) technical guidance document |w(CaOODSP)9.696596 |
| 856 | 40|ahttp://publications.gc.ca|qPDF|s3.69 Mo|uhttps://publications.gc.ca/collections/collection_2012/ec/En14-71-2010-fra.pdf |